000 01698nam a2200385 i 4500
001 768714001
003 CO-MdFUSB
005 20240125105728.0
007 ta
008 180315t2017 enk||||g |||| 00| 0 eng d
020 _a9781783682065
040 _aCO-MdFUSB
_bspa
_cCO-MdFUSB
_dCO-MdFUSB
_erda
041 _aeng
082 _223
_aG 230.04
_bSA165t
100 _aSalians, J. Daniel
_eautor
242 1 0 _aTomando el manto
_b: teología evangélica latinoamericana en el siglo XX
_lInglés
245 1 0 _aTaking up the mantle
_b: Latin American evangelical theology in the 20th century
_c/ J. Daniel Salinas
264 1 _aCarlisle, Cumbria, United Kingdom :
_bLangham Global Library ;
_c℗2017
264 4 _c©2017
300 _a201 páginas;
_c23 cm.
336 _2rdacontent
_atexto
_btxt
337 _2rdamedia
_asin mediación
_bn
338 _2rdacarrier
_avolumen
_bnc
490 _aGlobal Perspective Series
501 _aIncluye Índice (paginas 197-200)
504 _aIncluye referencias bibliográficas (páginas 185-196)
505 _aPrefacio -- Agradecimientos -- Abreviaturas -- Introducción -- Principios -- La primera generación de evangélicos latinoamericanos haciendo teología: de Panamá 1916 a Buenos Aires 1946 -- La segunda generación: de Buenos Aires 1949 a Cochabamba 1970 -- Los evangélicos buscan su identidad y su teología: los años setenta y ochenta -- Definición y madurez -- Conclusión -- Bibliografía -- índice
563 _aRústica
600 1 0 _aSalinas, Daniel,
650 0 _zAmérica Latina
_aTeología dogmática
_2embne
_9691
653 _aTeología Latín Americana
942 _cBK
945 _aAF
999 _c64253
_d64253